|
|
|
|
| LEADER |
00000nam2a2200000 4500 |
| 001 |
118263 |
| 005 |
20231101215447.0 |
| 035 |
|
|
|a (RuTPU)RU\TPU\book\127981
|
| 090 |
|
|
|a 118263
|
| 100 |
|
|
|a 20070609d2005 km y0rusy50 ca
|
| 101 |
0 |
|
|a chi
|
| 102 |
|
|
|a CN
|
| 105 |
|
|
|a a z 000zy
|
| 200 |
0 |
|
|a Т. 1
|
| 210 |
|
|
|d 2005
|
| 215 |
|
|
|a 708 с.
|c ил.
|
| 461 |
|
1 |
|0 (RuTPU)RU\TPU\book\128491
|y 7-5382-7268-2
|t История мировой математики
|f Лян Цзун
|v Т. 1
|d 2005
|s Библиотека Китая
|
| 606 |
1 |
|
|a Математика
|x История
|2 stltpush
|3 (RuTPU)RU\TPU\subj\67385
|9 83209
|
| 610 |
1 |
|
|a математическая теория
|
| 610 |
1 |
|
|a история
|
| 675 |
|
|
|a 51(09)
|v 3
|
| 801 |
|
1 |
|a RU
|b 63413507
|c 20070609
|g PSBO
|
| 801 |
|
2 |
|a RU
|b 63413507
|c 20220603
|g PSBO
|
| 942 |
|
|
|c BK
|